000 00729cab a2200265 4500
001 ABS59549
008 090401t1998 xxu||||| |||| 00| 0 eng d
035 _a(Sirsi) u89172
041 _aeng
100 _aPawlowski, M.
245 _aTestamentary promises and estoppel
260 _c1998
350 _a0
490 _aSolicitors` Journal
_v142(37) 2 October 1998, 888-889(2)
520 _aIllustrates the doctrine of proprietary estoppel through two recent cases.
650 _aENTITLEMENT
650 _aGILLETT V HOLT
650 _aINHERITANCE
650 _aPROPRIETARY ESTOPPEL
650 _aTAYLOR V DICKENS
650 _aWILLS
690 _aPROPERTY LAW AND PRACTICE
942 _n0
948 _c21/10/1998
999 _c56392
_d56392